000
00238nam a2200085Ia 4500
008
220204s9999 xx 000 0 und d
245
0
_a
Rubber maasika, January-December 2008 (Malayalam)
260
_a
Kottayam
_b
Rubber Board
_c
2008
942
_c
BK
999
_c
44341
_d
44341